000 00546nam a2200193Ia 4500
005 20250508162155.0
008 008 250505s9999 xx 000 0 eng d
037 _aReference
040 _aFEDL
_beng
_cFEDL
041 _aeng
_2eng
084 _a001.42, CRA
_qFEDL
100 _aCraig James R
_9313462
245 0 _aMethods of psychological research
260 _aPhiladelphia
_bW B Saunders Company
_c1979
300 _ax,325p.
700 _a Metze Leroy P
_9772497
942 _cREF
_h001.42, CRA
999 _c1374820
_d1374820